Casses In Collective Bargaining & Industrial Relations, (Record no. 6106)
[ view plain ]
| 005 - DATE AND TIME OF LATEST TRANSACTION | |
|---|---|
| control field | 20250628161043.0 |
| 020 ## - INTERNATIONAL STANDARD BOOK NUMBER | |
| International Standard Book Number | 13: 978 0-007-298736-2 |
| 082 ## - DEWEY DECIMAL CLASSIFICATION NUMBER | |
| Classification number | 7301'89DIL. |
| 100 ## - MAIN ENTRY--PERSONAL NAME | |
| Author name | DILTS, A. D. |
| 245 ## - TITLE STATEMENT | |
| Title | Casses In Collective Bargaining & Industrial Relations, |
| 250 ## - EDITION STATEMENT | |
| Edition statement | 11th Ed. |
| 260 ## - PUBLICATION, DISTRIBUTION, ETC. | |
| Place of publication, distribution, etc. | New York, |
| Name of publisher, distributor, etc. | Mc Graw Hill Irwin, |
| Date of publication, distribution, etc. | 2007. |
| 300 ## - PHYSICAL DESCRIPTION | |
| Extent | xiv.; 338p.; Ill.; picture, |
| Other physical details | Index, |
| Dimensions | 23cm. |
| 942 ## - ADDED ENTRY ELEMENTS (KOHA) | |
| Source of classification or shelving scheme | Dewey Decimal Classification |
| Koha item type | Books |
| Date last seen | Total checkouts | Full call number | Barcode | Cost, replacement price | Price effective from | Koha item type | Lost status | Source of classification or shelving scheme | Damaged status | Not for loan | Withdrawn status | Home library | Current library | Shelving location | Date acquired | Cost, normal purchase price | Source of acquisition |
|---|---|---|---|---|---|---|---|---|---|---|---|---|---|---|---|---|---|
| 06/28/2025 | 344.7301'89(dc22)DIL | DOM0003506 | 75000.00 | 06/28/2025 | Books | Dewey Decimal Classification | CBE Dodoma | CBE Dodoma | General Collection | 04/26/2010 | 25000.00 | ||||||
| 06/29/2025 | 344.7301'89(dc22)DIL | DOM0004215 | 75000.00 | 06/28/2025 | Books | Dewey Decimal Classification | CBE Dodoma | CBE Dodoma | General Collection | 04/26/2010 | 25000.00 | Library budget | |||||
| 06/29/2025 | 344.7301'89(dc22)DIL | DOM0003362 | 75000.00 | 06/28/2025 | Books | Dewey Decimal Classification | CBE Dodoma | CBE Dodoma | General Collection | 04/26/2010 | 25000.00 | Library budget | |||||
| 06/29/2025 | 344.7301'89(dc22)DIL | DOM0003361 | 75000.00 | 06/28/2025 | Books | Dewey Decimal Classification | CBE Dodoma | CBE Dodoma | General Collection | 04/26/2010 | 25000.00 | Library budget | |||||
| 06/29/2025 | 344.7301'89(dc22)DIL | DOM0003360 | 75000.00 | 06/28/2025 | Books | Dewey Decimal Classification | CBE Dodoma | CBE Dodoma | General Collection | 04/26/2010 | 25000.00 | Library budget |
